Przetłumacz zdania napisane po angielsku - Statystyki

Ogólne statystyki
  • Ten quiz został rozwiązany 73 razy
  • Średni wynik to 5 z 10
Statystyki odpowiedzi
# Odpowiedź % Poprawnych
My favorite friut is an apple Moim ulubionym owocem jest jablko
88%
What time is it? Która jest godzina
76%
I work in canada Ja pracuję w Kanadzie
68%
You go to cinema Ty idziesz do kina
59%
You have a big strawberry Ty masz dużą truskawkę
54%
Do you have komputer? Czy ty masz komputer
42%
Do you watch TV on Sunday? Czy oglądasz telewizję w niedzielę
32%
Where are you from? Gdzie mieszkasz
27%
I drive a car Ja jeżdżę samochodem
12%
I from england but my brother are from france Ja mieszkam w Anglii ale mój brat mieszka w Francji
8%
Nie znaleziono quizów pasujących do podanych kryteriów
Rozkład punktacji
Procent ludzi z każdym wynikiem
Percentyl według liczby udzielonych odpowiedzi
Twoja historia wyników
Nie rozwiązałeś tego quizu